Zkroť mě /

Uloženo v:
Hlavní autor: Tucker, K. A. 1978- (Autor)
Další autoři: Majerová, Lucie (Autor)
Médium: Kniha
Jazyk:Czech
Vydáno: Frýdek-Místek : Alpress, 2026
Vydání:Vydání první
Edice:Klokan (Alpress)
Témata:
Celkem bylo vypůjčeno:0x
Tagy:
Žádné tagy
LEADER 01381nam a2200385 i 4500
001 106740
003 CZ PrSKC
005 20260703113420.0
007 ta
008 260623s2026 xr e 000 f cze d
020 |a 9788076956872  |q (brožováno) :  |c Kč 319.00 
040 |a KLG001  |b cze  |e rda 
041 1 |a cze  |h eng 
072 7 |a 821.111-3  |x Anglická próza, anglicky psaná  |2 Konspekt  |9 25 
080 |a 821.111(71)-31  |2 MRF 
080 |a (0:82-993)  |2 MRF 
100 1 |a Tucker, K. A.  |d 1978-  |q (Kathleen A.),  |7 xx0193435  |4 aut  |9 26063 
240 1 0 |a Break me.  |l Česky 
245 1 0 |a Zkroť mě /  |c K. A. Tucker ; z anglického originálu Break me ...přeložila Lucie Majerová 
250 |a Vydání první 
264 1 |a Frýdek-Místek :  |b Alpress,  |c 2026 
300 |a 255 stran ;  |c 20 cm 
336 |a text  |b txt  |2 rdacontent 
337 |a bez média  |b n  |2 rdamedia 
338 |a svazek  |b nc  |2 rdacarrier 
490 1 |a Klokan 
655 7 |a kanadské romány (anglicky)  |7 fd139325  |2 czenas  |9 54047 
655 7 |a erotické romány  |7 fd132211  |2 czenas  |9 53580 
700 1 |a Majerová, Lucie  |4 trl 
710 2 |a Alpress (nakladatelství)  |7 xx0213868  |4 pbl  |9 117194 
830 0 |a Klokan (Alpress) 
910 |a UOG502 
942 |2 ddc  |c KN 
999 |d 106740 
993 |0 0  |1 421180107471  |2 ddc  |4 0  |7 0  |9 100256  |b 0  |c 107471  |d 2026-07-03  |e 0  |f DOSP  |h 319.00  |i Koupě  |l DOSP  |r 2026-07-03  |t 6  |w 2026-07-03  |y KN  |z BELET  |n